Statistics for Famous People from South Carolina

Click here to take the quiz!

General Stats

  • This quiz has been taken 3,688 times
    (2,509 since last reset)
  • The average score is 6 of 12

Answer Stats

ClueHometownAnswer% Correct
He's "The Godfather of Soul" and also a "Sex Machine"ElkoJames Brown
86%
She flips the tiles on "Wheel of Fortune"ConwayVanna White
75%
"Shoeless" baseball playerGreenvilleJoe Jackson
74%
Boxer known as "Smokin' Joe"BeaufortJoe Frazier
60%
His show came on after Jon Stewart'sCharlestonStephen Colbert
60%
"Refrigerator" of the NFLAikenWilliam Perry
57%
Oldest U.S. Senator of all timeEdgefieldStrom Thurmond
48%
"Santa Baby" singer who also starred as CatwomanNorthEartha Kitt
44%
Lanky power forward for the Timberwolves and CelticsGreenvilleKevin Garnett
38%
Star of "Weeds"Fort JacksonMary-Louise Parker
37%
Charlotte of "Sex and the City"ColumbiaKristin Davis
27%
Painter of American flagsAllendaleJasper Johns
18%

Score Distribution

Percentile by Number Answered

Percent of People with Each Score

Your Score History

You have not taken this quiz since the last reset